Soy del trópico (Registro nro. 4593)

Detalles MARC
000 -CABECERA
Campo de control 00531nam a2200169 a 4500
005 - FECHA Y HORA DE LA ULTIMA TRANSACCION
Campo de control 20140115143454.0
008 - ELEMENTOS DE LONGITUD FIJA—INFORMACION GENERAL
Campo de control 140115b ck ||||| |||| 00| 0 spa d
041 ## - IDIOMA
Código de idioma para texto/pista de sonido o título separado Español
090 ## - CLASIFICACIÓN LOCAL
Colección EA
Consecutivo 00088
100 ## - ASIENTO PRINCIPAL--NOMBRE PERSONAL
Nombre personal Rodríguez, Carlos E.
110 ## - ASIENTO PRINCIPAL--NOMBRE CORPORATIVO
Unidad subordinad Corporación Suna Hisca
245 ## - MENCION DE TITULO
Título Soy del trópico
Parte restante del título cinco temas para hablar de la tierra, un cuento sobre como funciona el mundo y una hélice
260 ## - PUBLICACION, DISTRIBUCION, ETC. (PIE DE IMPRENTA)
Lugar de publicación, distribución, etc. Bogotá
Nombre del editor, distribuidor, etc. Suna Hisca
-- Ecofondo
-- WWF
Fecha de publicación, distribución, etc. [199?]
300 ## - DESCRIPCION FISICA
Extensión 38 p.
942 ## - ELEMENTOS ADICIONALES (KOHA)
Tipo de ítem Impreso
Sistema de clasificación Local
945 ## - PROCESAMIENTO LOCAL
AAAA-MM-DD - Fecha de ingreso o modificacion 2005-06-21
Existencias
Withdrawn status Lost status Sistema de Clasificación Damaged status No para préstamo Colección Ubicación Permanente Ubicación actual Fecha de adquisición Total Checkouts Número topográfico Inventario / Código de Barras Date last seen Ejemplar Price effective from Tipo de material
    Local     General Villa de Leyva Villa de Leyva 21/06/2005   EA-00088 019187 04/12/2012 Ej. 1 04/12/2012 Folleto